|
|
|
|
| LEADER |
00000cam a22000004a 4500 |
| 001 |
musev2_28673 |
| 003 |
MdBmJHUP |
| 005 |
20230905043033.0 |
| 006 |
m o d |
| 007 |
cr||||||||nn|n |
| 008 |
010321s1993 kyu o 00 0 eng d |
| 020 |
|
|
|a 9780813146058
|
| 020 |
|
|
|z 9780813146065
|
| 020 |
|
|
|z 9780813118376
|
| 020 |
|
|
|z 9780813170701
|
| 020 |
|
|
|z 9780813109534
|
| 035 |
|
|
|a (OCoLC)47010325
|
| 040 |
|
|
|a MdBmJHUP
|c MdBmJHUP
|
| 100 |
1 |
|
|a Brown, Kent Masterson,
|d 1949-
|
| 245 |
1 |
0 |
|a Cushing of Gettysburg :
|b The Story of a Union Artillery Commander /
|c Kent Masterson Brown.
|
| 264 |
|
1 |
|a Lexington, Ky. :
|b University Press of Kentucky,
|c 1993.
|
| 264 |
|
3 |
|a Baltimore, Md. :
|b Project MUSE,
|c 2015
|
| 264 |
|
4 |
|c ©1993.
|
| 300 |
|
|
|a 1 online resource (368 pages):
|b illustrations, maps, portraits
|
| 336 |
|
|
|a text
|b txt
|2 rdacontent
|
| 337 |
|
|
|a computer
|b c
|2 rdamedia
|
| 338 |
|
|
|a online resource
|b cr
|2 rdacarrier
|
| 505 |
0 |
|
|a "In the midst of life we are in death" -- "His mother is poor but highly committed" -- "I am boning everything" -- "I fancy I did some of the prettiest firing" -- "It was the grandest sight" -- "My God! We must get out of this!" -- "The army is extremely disgusted" -- "The elements are at war with the army" -- "Forward into battery!" -- "By hand to the front!" -- "Faithful until death" -- Roster, Battery A, 4th U.S. Artillery.
|
| 520 |
|
|
|a Follows the career of Alonzo Cushing, a 1861 graduate of West Point, as he serves as an artillary officer with the Army of the Potomac culminating with his death as he defended against Pickett's charge at Gettysburg.
|
| 546 |
|
|
|a English.
|
| 588 |
|
|
|a Description based on print version record.
|
| 600 |
1 |
7 |
|a Cushing, Alonzo H.
|2 swd
|
| 600 |
1 |
7 |
|a Cushing, Alonzo H.
|d (1841-1863)
|2 ram
|
| 600 |
1 |
7 |
|a Cushing, Alonzo H.,
|d 1841-1863.
|2 fast
|0 (OCoLC)fst00320147
|
| 600 |
1 |
0 |
|a Cushing, Alonzo H.,
|d 1841-1863.
|
| 610 |
1 |
7 |
|a United States.
|b Army.
|b Artillery.
|2 fast
|0 (OCoLC)fst00565979
|
| 610 |
1 |
0 |
|a United States.
|b Army.
|b Artillery
|v Biography.
|
| 650 |
|
7 |
|a Soldats
|z États-Unis
|x Biographies.
|2 ram
|
| 650 |
|
7 |
|a Gettysburg, Bataille de (1863)
|2 ram
|
| 650 |
|
7 |
|a Soldiers.
|2 fast
|0 (OCoLC)fst01125233
|
| 650 |
|
7 |
|a HISTORY.
|2 bisacsh
|
| 650 |
|
7 |
|a BIOGRAPHY & AUTOBIOGRAPHY
|x Historical.
|2 bisacsh
|
| 650 |
|
6 |
|a Bataille de Gettysburg, Gettysburg, Penns., 1863.
|
| 650 |
|
0 |
|a Soldiers
|z United States
|v Biography.
|
| 650 |
|
0 |
|a Gettysburg, Battle of, Gettysburg, Pa., 1863.
|
| 651 |
|
7 |
|a Gettysburg (Pa.)
|x Schlacht.
|2 swd
|
| 651 |
|
7 |
|a United States.
|2 fast
|0 (OCoLC)fst01204155
|
| 651 |
|
7 |
|a Pennsylvania
|z Gettysburg.
|2 fast
|0 (OCoLC)fst01214261
|
| 651 |
|
6 |
|a États-Unis
|x Histoire
|y 1861-1865 (Guerre de Secession)
|x Operations d'artillerie.
|
| 651 |
|
0 |
|a United States
|x History
|y Civil War, 1861-1865
|x Artillery operations.
|
| 655 |
|
7 |
|a Biographies.
|2 rvmgf
|
| 655 |
|
7 |
|a Biographies.
|2 lcgft
|
| 655 |
|
7 |
|a History.
|2 fast
|0 (OCoLC)fst01411628
|
| 655 |
|
7 |
|a Biographies.
|2 fast
|0 (OCoLC)fst01919896
|
| 655 |
|
2 |
|a Biography
|
| 655 |
|
7 |
|a Electronic books.
|2 local
|
| 710 |
2 |
|
|a Project Muse.
|e distributor
|
| 830 |
|
0 |
|a Book collections on Project MUSE.
|
| 856 |
4 |
0 |
|z Texto completo
|u https://projectmuse.uam.elogim.com/book/28673/
|
| 945 |
|
|
|a Project MUSE - Custom Collection
|
| 945 |
|
|
|a Project MUSE - Archive Complete Supplement III
|
| 945 |
|
|
|a Project MUSE - Archive History Supplement III
|